| 000 | 01380nam a2200241Ia 4500 | ||
|---|---|---|---|
| 999 |
_c53187 _d53187 |
||
| 001 | 20228 | ||
| 003 | GE_BSU | ||
| 005 | 20200621182223.0 | ||
| 008 | 181216s1986||||ge |||||||||||||| ||geo|| | ||
| 040 | _cGE_BSU | ||
| 041 | _ageo | ||
| 080 | _a81'374.3=353.1 ქ-27 | ||
| 245 |
_aქართული ენის განმარტებითი ლექსიკონი : ერთტომეული _cმთ. რედ. არნ. ჩიქობავა ; რედ. მ. ჭაბაშვილი ; სარედ. კოლ. : ირ. აბაშიძე [და სხვ.]. |
||
| 264 |
_aთბილისი : _bქართული საბჭ. ენციკლოპედიის მთ. სამეცნ. რედაქცია, _c1986. |
||
| 300 |
_a592 გვ. ; _c29 სმ. |
||
| 653 | _aქართული ენის განმარტებითი ლექსიკონი | ||
| 653 | _aლექსიკონი | ||
| 700 |
_aჩიქობავა, არნ. _eმთ. რედაქტორი _97708 |
||
| 700 |
_aჭაბაშვილი, მ. _eრედაქტორი _98021 |
||
| 710 |
_aსაქ. სსრ მეცნიერებათა აკადემია _98053 |
||
| 710 |
_aენათმეცნიერების ინსტიტუტი _98624 |
||
| 942 |
_cBK _2udc |
||